Statistiques concernant les matières scolaires

Cliquez ici pour prendre le quiz!

Statistiques générales

  • Ce quiz a été pris 673 fois
  • Le résultat moyen est 13 sur 21

Statistiques - réponses

HintRéponse% Correct
collègefrançais
98%
collegeanglais
93%
collègemaths
91%
collegeespagnol
89%
collegesvt
87%
collegephysique
85%
collegeeps
84%
collegeallemand
80%
collegemusique
75%
collegehistoire geo
72%
collegetechno
67%
collegelatin
64%
collegeitalien
60%
lycéephilo
51%
collegearts plastiques
48%
lycéeses
44%
stmgdroit
41%
stmgmanagement
25%
lycéebiologie
17%
optioncinema
5%
stssstss
4%

Distribution des résultats

Percentile par nombre de réponses

% des personnes avec chaque résultat

Votre développement - résultats

Vous n’avez pas pris ce quiz